000 00734cab a2200241 4500
001 WB3139-04
008 090401t1995 xxu||||| |||| 00| 0 eng d
035 _a(Sirsi) u2648
041 _aeng
245 _aSick building syndrome link with lighting
260 _c1995
350 _a0
490 _aScotsman
_v16 October 1995, 5
490 _aBirmingham Post
_v16 October 1995, 17(1)
520 _aHigh levels of glare from fluoresent lights may cause many symptoms of sick building syndrome.
650 _aFLUORESCENT LIGHTS
650 _aHEALTH AND SAFETY AT WORK
650 _aOFFICE LIGHTING
650 _aSICK BUILDING SYNDROME
690 _aBUILT ENVIRONMENT-CONSTRUCTION DESIGN
942 _n0
948 _c04/03/1997
999 _c1594
_d1594